Construction insurance and UK construction contracts (Record no. 110448)

MARC details
000 -LEADER
fixed length control field 00984cam a22002895a 4500
001 - CONTROL NUMBER
control field L149268
008 - FIXED-LENGTH DATA ELEMENTS--GENERAL INFORMATION
fixed length control field 100215s2008 xxk f 000 0 eng d
022 1# - INTERNATIONAL STANDARD SERIAL NUMBER
International Standard Serial Number 9781843117315
035 ## - SYSTEM CONTROL NUMBER
System control number (Sirsi) u149268
041 0# - LANGUAGE CODE
Language code of text/sound track or separate title eng
050 04 - LIBRARY OF CONGRESS CALL NUMBER
Classification number 368.56 $2 18
100 1# - MAIN ENTRY--PERSONAL NAME
Personal name Levine, Marshall
245 00 - TITLE STATEMENT
Title Construction insurance and UK construction contracts
250 ## - EDITION STATEMENT
Edition statement 2nd ed.
260 ## - PUBLICATION, DISTRIBUTION, ETC.
Place of publication, distribution, etc. London
Name of publisher, distributor, etc. Informa Law
Date of publication, distribution, etc. 2008
300 ## - PHYSICAL DESCRIPTION
Extent xliii, 645p.
Dimensions 25cm.
350 ## - PRICE (NR) (BK AM CF MU VM SE) [OBSOLETE]
Price 320
520 ## - SUMMARY, ETC.
Summary, etc. Provides a general survey of the UK construction industry and insurance law, and then goes on to look in depth at specific aspects of insurance and the issues which arise in relation to construction contracts.
520 ## - SUMMARY, ETC.
Summary, etc. Supersedes first edition (ISBN 1850443750).
590 ## - LOCAL NOTE (RLIN)
Local note KA
651 #4 - SUBJECT ADDED ENTRY--GEOGRAPHIC NAME
Geographic name United Kingdom
690 ## - LOCAL SUBJECT ADDED ENTRY--TOPICAL TERM (OCLC, RLIN)
Topical term or geographic name as entry element MANAGEMENT-BUSINESS MANAGEMENT-INSURANCE
690 ## - LOCAL SUBJECT ADDED ENTRY--TOPICAL TERM (OCLC, RLIN)
Topical term or geographic name as entry element BUILT ENVIRONMENT-BUILDING CONTRACT FORMS
700 1# - ADDED ENTRY--PERSONAL NAME
Personal name Haar, Roger ter
942 ## - ADDED ENTRY ELEMENTS (KOHA)
Suppress in OPAC 0
Holdings
Withdrawn status Lost status Source of classification or shelving scheme Damaged status Not for loan Home library Current library Shelving location Date acquired Cost, normal purchase price Total Checkouts Full call number Barcode Date last seen Copy number Cost, replacement price Price effective from Koha item type
    Dewey Decimal Classification     London London Books 26/10/2010 272.00   368.56 LEV 30075420 06/08/2019 1 272.00 06/08/2019 Book